ՀՀ Գիտությունների ազգային ակադեմիայի հիմնարար գիտական գրադարան  =   Fundamental Scientific Library of NAS RA

Пироги и пиво, или Скелет в шкафу ; (Record no. 342154)

MARC details
000 -LEADER
fixed length control field 01118nam a2200253 a 4500
001 - CONTROL NUMBER
control field 001048328
003 - CONTROL NUMBER IDENTIFIER
control field AM-YeHGA
005 - DATE AND TIME OF LATEST TRANSACTION
control field 20250618074339.0
008 - FIXED-LENGTH DATA ELEMENTS--GENERAL INFORMATION
fixed length control field 141121s1981 ru r 000 0 rus d
040 ## - CATALOGING SOURCE
Original cataloging agency AM-YeHGA
041 1# - LANGUAGE CODE
Language code of text/sound track or separate title rus
Language code of original eng
090 ## - LOCALLY ASSIGNED LC-TYPE CALL NUMBER (OCLC); LOCAL CALL NUMBER (RLIN)
-- 343945
100 1# - MAIN ENTRY--PERSONAL NAME
Personal name Մոեմ, Սոմերսեթ,
Dates associated with a name 1874-1965
9 (RLIN) 8655
245 10 - TITLE STATEMENT
Title Пироги и пиво, или Скелет в шкафу ;
Remainder of title Острие бритвы : Романы : Пер. с англ. /
Statement of responsibility, etc. Сомерсет Моэм.
260 ## - PUBLICATION, DISTRIBUTION, ETC.
Place of publication, distribution, etc. Москва :
Name of publisher, distributor, etc. Худож. лит.,
Date of publication, distribution, etc. 1981.
300 ## - PHYSICAL DESCRIPTION
Extent 499 с. :
Other physical details ил.
440 #0 - SERIES STATEMENT/ADDED ENTRY--TITLE
Title Зарубежный роман XX века
534 ## - ORIGINAL VERSION NOTE
Introductory phrase Оригинал:
Title statement of original Cakes and Ale or the Skeleton in the Cupboard
Main entry of original W. Somerset Maugham -
Publication, distribution, etc. of original 1930
534 ## - ORIGINAL VERSION NOTE
Introductory phrase Оригинал:
Title statement of original The Razor's Edge /
Main entry of original W. Somerset Maugham -
Publication, distribution, etc. of original 1944
650 14 - SUBJECT ADDED ENTRY--TOPICAL TERM
Topical term or geographic name entry element Английская проза
650 14 - SUBJECT ADDED ENTRY--TOPICAL TERM
Topical term or geographic name entry element Путешествия
Form subdivision Художественная литература
650 14 - SUBJECT ADDED ENTRY--TOPICAL TERM
Topical term or geographic name entry element Духовная биография
Form subdivision Художественная литература
740 02 - ADDED ENTRY--UNCONTROLLED RELATED/ANALYTICAL TITLE
Uncontrolled related/analytical title Острие бритвы
Holdings
Withdrawn status Lost status Source of classification or shelving scheme Damaged status Not for loan Collection Home library Current library Date acquired Total checkouts Full call number Barcode Date last seen Price effective from Koha item type Public note
    Universal Decimal Classification     General Fundamental Scientific Library Fundamental Scientific Library 09/01/2017   PII/462357 FL0314463 09/01/2017 09/01/2017 Գրքեր / Books 30 Days Loan


ՀՀ ԳԱԱ հիմնարար գիտական գրադարան
ՀՀ,Երևան 0019
Մարշալ Բաղրամյան 24/6
հեռախոս:(374-10) 52-47-50
Հետադարձ կապ

All site content, except where otherwise noted, is licensed under a
Creative Commons License